FC Joueurs en B - Statistiques

Statistiques générales
  • Ce quiz a été pris 97 fois
  • Le résultat moyen est 5 sur 11
Statistiques - réponses
Poste Nationalité 2 Clubs phares Joueurs % Correct
G Italie Juventus-PSG Gianluigi Buffon
99%
MOC Pays de Galles Southampton/Réal Madrid Gareth Bale
78%
MDC Espagne FC Barcelone/Inter Miami Sergio Busquets
74%
MD France OL/PSG Bradley Barcola
70%
BUD Nigéria Union St-Gilloise/Bayer Leverkusen Victor Boniface
45%
DCD Italie AC Milan Franco Baresi
41%
BUG Croatie RCD Majorque/CA Osasuna Ante Budimir
39%
DG Sénégal AS Monaco/AC Milan Fodé Ballo-Touré
22%
MG Portugal Galatasaray/RB Leipzig Bruma
16%
DD Allemagne TSV Munich 1860/Bayer Leverkusen Lars Bender
10%
DCG Allemagne Borussia Dortmund/Bayer Leverkusen Sven Bender
10%
Aucun quiz correspondant
Distribution des résultats
% des personnes avec chaque résultat
Percentile par nombre de réponses
Votre historique - résultats
Vous n’avez pas pris ce quiz